Preferential trading arrangements in agricultural and food market <the> case of the European Union and the United States

Salvato in:
Dettagli Bibliografici
Natura: Libro
Lingua:inglese
Pubblicazione: Paris OECD 2005
Soggetti:
Tags: Aggiungi Tag
Nessun Tag, puoi essere il primo ad aggiungerne!!

MARC

LEADER 00000nam$a2200000$$$4500
001 0032423
005 20221129082908.5
020 |a 92-64-00932-9 
041 0 |a eng 
044 |a FR 
245 1 0 |a Preferential trading arrangements in agricultural and food market  |b <the> case of the European Union and the United States 
264 1 |a Paris  |b OECD  |c 2005 
300 |a 183 s. 
610 2 0 |a dohody obchodné 
610 2 0 |a trh poľnohospodársky 
610 2 0 |a trh potravinový 
610 2 0 |a Európska únia 
610 2 0 |a USA 
610 2 0 |a tarify 
610 2 0 |a obchod zahraničný 
610 2 0 |a výrobky poľnohospodárske 
610 2 0 |a potraviny 
610 2 0 |a dovoz 
610 2 0 |a clá preferenčné